Experimental economics /
Guardado en:
| Autor Principal: | |
|---|---|
| Otros Autores: | |
| Formato: | Libro |
| Idioma: | English |
| Publicado: |
Princeton, N.J. :
Princeton University Press,
c1993.
|
| Materias: | |
| Acceso en línea: | Publisher description |
| Etiquetas: |
Agregar Etiqueta
Sin Etiquetas, Sea el primero en etiquetar este registro!
|
| LEADER | 00996pam a2200277 a 4500 | ||
|---|---|---|---|
| 001 | EEO.eeo001055 | ||
| 008 | 920710s1993####njua###g#b####001#0#eng## | ||
| 005 | 20070717084210.0 | ||
| 245 | 1 | 0 | |a Experimental economics / |c Douglas D. Davis, Charles A. Holt. |
| 260 | |a Princeton, N.J. : |b Princeton University Press, |c c1993. | ||
| 300 | |a viii, 572 p. : |b il. ; |c 24 cm. | ||
| 504 | |a Incluye referencias bibliográficas e índice. | ||
| 020 | |a 0691043175 (alk. paper) | ||
| 100 | 1 | |a Davis, Douglas D., |d 1957- | |
| 700 | 1 | |a Holt, Charles A., |d 1948- | |
| 082 | 0 | 0 | |a 330/.072 |2 20 |
| 650 | 7 | |a Teoría de juegos. |2 Isoc | |
| 650 | 7 | |a Riesgo. |2 Isoc | |
| 650 | 7 | |a Bienes públicos. |2 Isoc | |
| 650 | 7 | |a Externalidades. |2 Isoc | |
| 653 | |a Información imperfecta | ||
| 010 | |a 92027662 | ||
| 040 | |a DLC |c DLC |d DLC | ||
| 050 | 0 | 0 | |a HB131 |b .D38 1992 |
| 856 | 4 | 2 | |3 Publisher description |u http://www.loc.gov/catdir/description/prin021/92027662.html |
| 859 | |a AR-BaUEB |b BIB. ECONOMIA - General |h 330.072 |i D291 |p e09207 | ||
